| 000 | 00697cam a2200241 4500 | ||
|---|---|---|---|
| 008 | 090401t1997 xxu||||| |||| 00| 0 eng d | ||
| 020 | _a1860811590 | ||
| 035 | _a(Sirsi) u79782 | ||
| 041 | _aeng | ||
| 050 | _a690 | ||
| 110 | _aBuilding Research Establishment | ||
| 245 | _aAlkali-silica reaction in concrete : detailed guidance for new construction. | ||
| 260 |
_aLondon _bConstruction Research Communications Ltd _c1997 |
||
| 300 | _a8p. ; 30cm. | ||
| 350 | _a0 | ||
| 490 |
_aBRE Digest _v330 Part 2 |
||
| 650 | _aALKALI SILICA REACTION | ||
| 650 | _aCONCRETE | ||
| 650 | _aPORTLAND CEMENT | ||
| 690 | _aBUILT ENVIRONMENT-BUILDING PATHOLOGY | ||
| 942 | _n0 | ||
| 948 | _c22/07/1997 | ||
| 999 |
_c96560 _d96560 |
||